000
00326nam a22001217a 4500
003
SGT
082
_a
891.4309
_b
D08J
100
_a
जोशी, प्रभाष
245
_a
धन्न नरबदा मैया हो
260
_b
राजकमल प्रकाशन
_c
2008
300
_a
575
942
_2
ddc
_c
BK
999
_c
31210
_d
31210